000 01836cam a22004694i 4500
003 PE-LiUPU
005 20250731173304.0
008 150616s1953 xxk rb 000 0 spa d
035 _a(Sirsi) a3641
040 _aPE-LiUPU
_bspa
_cPE-LiUPU
_erda
049 _aPRUA
082 0 4 _a270
_bM89
_221
100 1 _aMuirhead, H. H.,
_eautor.
245 1 0 _aHistoria del cristianismo /
_cH. H. Muirhead.
264 1 _aTexas :
_bCasa Bautista de Publicaciones,
_c1953].
300 _a352 páginas ;
_c19 centímetros
336 _atext
_2rdacontent
337 _aunmediated
_2rdamedia
338 _avolume
_2rdacarrier
504 _aIncluye bibliografía.
505 0 _aDesde el nacimiento de Cristo hasta el fin de la edad apostólica, 1-100 -- Desde los tiempos apostólicos hasta la adopción del cristianismo como religión del estado, 100-323 -- Desde la adopción del cristianismo como religión del estado hasta la coronación de Carlomagno, 323-800 -- Desde la coronación de Carlomagno hasta la reforma protestante, 800-1517.
526 _aSEG42
526 _aSEG41
526 _aSEG40
526 _aSEG39
526 _aP94
526 _aP87
526 _aP86
526 _aP85
526 _aP77
526 _aP76
526 _aP35
650 0 4 _aIglesia - Historia.
650 0 4 _aChurch - History.
910 _ajck
_bjvq
_cjck
942 _2ddc
_cBOOK
949 _a270 M89
_wDEWEY
_c1
_i05334
_lCCODEBUL1
_mBUL
_p00.00
_r0
_sY
_tBOOK
_u2015-04-23
_xTEOLOGIA
_zUNKNOWN
_0COMPRA
_o.STAFF. Colección General
994 _aC0
_bPEPRU
596 _a1
999 _a270 M89
_wDEWEY
_c44479
_i05334
_d44479
_e2018-5-7
_f2021-11-12
_g6
_lCCODEBUL1
_mBUL
_n7
_p22.00
_q6
_r0
_sY
_tBOOK
_u2015-4-23
_xTEOLOGIA
_zUNKNOWN
_0COMPRA
_o.STAFF. Colección Teología
980 _81
_gALBERTO SANCHEZ Responsable de Automatización